[Event "Berlin Teschner Memorial"]
[Site "Berlin"]
[Date "2025.05.31"]
[Round "5"]
[White "Herrmann, Jakob"]
[Black "Matthes, Aaron"]
[Result "1-0"]
[WhiteElo "2296"]
[BlackElo "2221"]
[PlyCount "61"]
[EventDate "2025.05.29"]
[EventType "swiss"]
[EventRounds "7"]
[EventCountry "GER"]
[SourceTitle "CB23_2025"]
[SourceDate "2025.06.04"]
[SourceVersion "1"]
[SourceVersionDate "2025.06.04"]
[SourceQuality "1"]

1. d4 Nf6 2. g3 d5 3. c4 e6 4. Nf3 Be7 5. Bg2 0-0 6. 0-0 dxc4 7. Qc2 c6 8. a4 b6 9. Rd1 Bb7 10. Qxc4 Qc8 11. Nc3 c5 12. Bf4 Nc6 13. dxc5 Bxc5 14. Rac1 Rd8 15. Bg5 Be7 16. Ne5 Rxd1+ 17. Rxd1 Na5 18. Qxc8+ Rxc8 19. Bxb7 Nxb7 20. Bxf6 Bxf6 21. Nxf7 Rc7 22. Nd6 Bxc3 23. Nb5 Rc4 24. Nxc3 Rb4 25. Rd7 Nc5 26. Rxa7 Rxb2 27. a5 Rc2 28. axb6 Rxc3 29. b7 Nd7 30. Ra8+ Kf7 31. Rd8 1-0

[Event "Berlin-ch"]
[Site "Berlin"]
[Date "2025.04.26"]
[Round "8"]
[White "Matthes, Aaron"]
[Black "Caglar, Ertan"]
[Result "1-0"]
[WhiteElo "2253"]
[BlackElo "1836"]
[PlyCount "86"]
[EventDate "2025.04.19"]
[EventType "swiss"]
[EventRounds "9"]
[EventCountry "GER"]
[SourceTitle "CB18_2025"]
[SourceDate "2025.04.30"]
[SourceVersion "1"]
[SourceVersionDate "2025.04.30"]
[SourceQuality "1"]

1. d4 f5 2. Bf4 Nf6 3. e3 e6 4. Nf3 Be7 5. h3 d5 6. Bd3 c6 7. c4 0-0 8. Nc3 Ne4 9. 0-0 Nd7 10. Rc1 g5 11. Bh2 Qe8 12. Ne5 h5 13. Bxe4 dxe4 14. d5 Bf6 15. Nxd7 Bxd7 16. Bd6 Be7 17. Bxe7 Qxe7 18. Qxh5 Rf7 19. Qe2 Rh7 20. f3 exf3 21. Qxf3 e5 22. dxc6 bxc6 23. Nd5 Qg7 24. Nc3 Rh4 25. Rcd1 Rf8 26. Rd6 Rxc4 27. Rfd1 Be8 28. e4 fxe4 29. Qe2 Rd4 30. R1xd4 exd4 31. Qc4+ Bf7 32. Qxd4 Qxd4+ 33. Rxd4 Bg6 34. Nxe4 Bxe4 35. Rxe4 Rf5 36. Ra4 Rb5 37. b3 Kf7 38. Rxa7+ Ke6 39. Ra4 Kf5 40. Rc4 Ra5 41. a4 c5 42. Kf2 Ke5 43. Ke3 Kd5 1-0

[Event "Berlin-ch"]
[Site "Berlin"]
[Date "2025.04.21"]
[Round "3"]
[White "Heerde, Thomas"]
[Black "Matthes, Aaron"]
[Result "1/2-1/2"]
[WhiteElo "1983"]
[BlackElo "2253"]
[PlyCount "120"]
[EventDate "2025.04.19"]
[EventType "swiss"]
[EventRounds "9"]
[EventCountry "GER"]
[SourceTitle "CB18_2025"]
[SourceDate "2025.04.30"]
[SourceVersion "1"]
[SourceVersionDate "2025.04.30"]
[SourceQuality "1"]

1. Nf3 Nf6 2. g3 b6 3. Bg2 Bb7 4. 0-0 e6 5. b3 d5 6. Bb2 Be7 7. d3 0-0 8. Nbd2 c5 9. Re1 Nc6 10. e4 Qc7 11. e5 Nd7 12. Qe2 b5 13. c4 Nb4 14. Nf1 bxc4 15. bxc4 d4 16. h4 Rab8 17. Rad1 Nxa2 18. N1h2 Nb4 19. Bc1 Bxf3 20. Bxf3 Rb6 21. Bg5 Bxg5 22. hxg5 Qd8 23. Qd2 Nc6 24. Ng4 Qc7 25. Qf4 Ne7 26. Nf6+ Nxf6 27. gxf6 Ng6 28. Qg5 h6 29. Qh5 Rfb8 30. Qg4 gxf6 31. exf6 e5 32. Qf5 Qd6 33. Bh5 Qxf6 34. Bxg6 fxg6 35. Qxf6 Rc6 36. Qe6+ Rxe6 37. Rxe5 Rf6 38. f4 Rb2 39. Re6 Rf5 40. Ra1 Kg7 41. Ra5 Rf7 42. Raa6 g5 43. Rg6+ Kf8 44. fxg5 hxg5 45. Rxg5 Rf3 46. Rxa7 Rxd3 47. Rf5+ Ke8 48. Re5+ Kd8 49. Rd5+ Kc8 50. Rxc5+ Kb8 51. Ra1 Rxg3+ 52. Kf1 Rf3+ 53. Kg1 Rc3 54. Rd1 Rg3+ 55. Kf1 Rh3 56. Kg1 d3 57. Rd5 Rb3 58. Kg2 Re3 59. Kf2 Rh3 60. Kg2 Re3 1/2-1/2

[Event "Berlin-ch"]
[Site "Berlin"]
[Date "2025.04.20"]
[Round "2"]
[White "Matthes, Aaron"]
[Black "Hesse, Henrik"]
[Result "0-1"]
[WhiteElo "2253"]
[BlackElo "2252"]
[PlyCount "92"]
[EventDate "2025.04.19"]
[EventType "swiss"]
[EventRounds "9"]
[EventCountry "GER"]
[SourceTitle "CB18_2025"]
[SourceDate "2025.04.30"]
[SourceVersion "1"]
[SourceVersionDate "2025.04.30"]
[SourceQuality "1"]

1. d4 Nf6 2. c4 c5 3. d5 b5 4. cxb5 a6 5. bxa6 e6 6. Nc3 exd5 7. Nxd5 Be7 8. Nf3 Bxa6 9. e4 Bxf1 10. Kxf1 0-0 11. Nc3 Nc6 12. g3 c4 13. Kg2 Ra5 14. Qe2 d5 15. Rd1 Nb4 16. exd5 Nd3 17. Ne5 Nxd5 18. Nxd3 Nxc3 19. bxc3 cxd3 20. Rxd3 Qa8+ 21. Kg1 Bf6 22. Be3 Re8 23. Qd2 h5 24. h4 Rae5 25. Rd1 Ra5 26. Qe2 g6 27. R1d2 Ra4 28. Rc2 Bxh4 29. Rd4 Bg5 30. Rxa4 Qxa4 31. f4 Bd8 32. Rb2 Qe4 33. Rb8 Kh7 34. Qd2 Qxe3+ 35. Qxe3 Rxe3 36. Rxd8 Rxg3+ 37. Kf2 Rxc3 38. Ra8 Kg7 39. Ra6 h4 40. a4 h3 41. f5 Rc2+ 42. Kg1 g5 43. Rb6 Ra2 44. Rc6 Rxa4 45. Kh2 Ra3 46. Rb6 Rf3 0-1

[Event "Titled Tuesday intern op 26th Nov Late"]
[Site "Chess.com INT"]
[Date "2024.11.26"]
[Round "1"]
[White "Matthes, Aaron"]
[Black "Karas, Marek"]
[Result "0-1"]
[WhiteElo "2234"]
[BlackElo "2161"]
[PlyCount "156"]
[EventDate "2024.11.26"]
[EventType "swiss (blitz)"]
[EventRounds "11"]
[EventCountry "USA"]
[SourceTitle "CB49_2024"]
[SourceDate "2024.12.04"]
[SourceVersion "1"]
[SourceVersionDate "2024.12.04"]
[SourceQuality "1"]

1. d4 Nf6 2. Nf3 g6 3. g3 Bg7 4. Bg2 0-0 5. 0-0 d6 6. b3 c6 7. Bb2 Bf5 8. c4 Qc8 9. Re1 Bh3 10. Bh1 a5 11. Nc3 Na6 12. e4 e5 13. dxe5 dxe5 14. Na4 Nd7 15. Ng5 Be6 16. Nxe6 fxe6 17. Qd6 Re8 18. Rad1 Nab8 19. Bg2 Bf8 20. Qd3 Qc7 21. Bh3 Nc5 22. Nxc5 Bxc5 23. Bc1 Bd4 24. c5 Na6 25. Ba3 Nb4 26. Bxb4 axb4 27. Qc4 Rxa2 28. Bxe6+ Kg7 29. Rxd4 Rxe6 30. Rd3 Rf6 31. f3 Qf7 32. Qxf7+ Rxf7 33. Red1 Rb2 34. R1d2 Rxd2 35. Rxd2 Rxf3 36. Rd7+ Kh6 37. Rxb7 Rxb3 38. Rb6 Re3 39. Rxc6 Rxe4 40. Rb6 Rc4 41. c6 Kg5 42. Kf2 Kf5 43. Ke3 Kg4 44. c7 Rxc7 45. Rxb4+ Kf5 46. Kf3 Rc3+ 47. Kf2 Rc2+ 48. Kf1 Rxh2 49. Rb7 h6 50. Rb8 Kg4 51. Kg1 Rd2 52. Rb3 e4 53. Kf1 Rd3 54. Rb4 Kf3 55. Ke1 Re3+ 56. Kd2 Ra3 57. Rb6 g5 58. Rxh6 Kxg3 59. Rf6 g4 60. Ke2 Rf3 61. Rh6 Rf8 62. Rh7 Kg2 63. Ke3 g3 64. Ra7 Re8 65. Rh7 Kg1 66. Ke2 g2 67. Ra7 Rf8 68. Ra1+ Rf1 69. Ra7 Rf2+ 70. Ke3 Rf6 71. Ra1+ Kh2 72. Ra2 Kh1 73. Ra8 g1Q+ 74. Ke2 Qg2+ 75. Ke3 Qf3+ 76. Kd4 Rd6+ 77. Ke5 Qf6+ 78. Kxe4 Rd4+ 0-1

[Event "Titled Tuesday intern op 06th Aug Early"]
[Site "Chess.com INT"]
[Date "2024.08.06"]
[Round "1"]
[White "Bhagat, Kush"]
[Black "Matthes, Aaron"]
[Result "1-0"]
[WhiteElo "2220"]
[BlackElo "2174"]
[PlyCount "69"]
[EventDate "2024.08.06"]
[EventType "swiss (blitz)"]
[EventRounds "11"]
[EventCountry "USA"]
[SourceTitle "EXT 2025"]
[Source "ChessBase"]
[SourceDate "2024.10.14"]
[SourceVersion "1"]
[SourceVersionDate "2024.10.14"]
[SourceQuality "1"]

1. d4 Nf6 2. Bf4 g6 3. Nc3 d5 4. e3 Bg7 5. Nf3 0-0 6. Be2 c5 7. Nb5 Na6 8. h3 Bd7 9. 0-0 Bxb5 10. Bxb5 Qb6 11. a4 Nc7 12. dxc5 Qxc5 13. Be2 Rac8 14. c3 Ne6 15. Be5 Nd7 16. b4 Qb6 17. Bxg7 Nxg7 18. Qxd5 Rfd8 19. a5 Qc7 20. a6 b6 21. Nd4 Nf6 22. Qb7 Qxc3 23. Qxa7 Nd5 24. Qb7 Rc7 25. Nb5 Rxb7 26. Nxc3 Ra7 27. Nxd5 Rxd5 28. Rfd1 Rxd1+ 29. Rxd1 Ne6 30. Bb5 Nc7 31. Be2 Ra8 32. b5 Kf8 33. Rd7 Ra7 34. Rd8+ Kg7 35. Rb8 1-0

[Event "Titled Tuesday intern op 06th Aug Early"]
[Site "Chess.com INT"]
[Date "2024.08.06"]
[Round "4"]
[White "Matthes, Aaron"]
[Black "Abrahamyan, Tatev"]
[Result "0-1"]
[WhiteElo "2174"]
[BlackElo "2327"]
[PlyCount "58"]
[EventDate "2024.08.06"]
[EventType "swiss (blitz)"]
[EventRounds "11"]
[EventCountry "USA"]
[SourceTitle "EXT 2025"]
[Source "ChessBase"]
[SourceDate "2024.10.14"]
[SourceVersion "1"]
[SourceVersionDate "2024.10.14"]
[SourceQuality "1"]

1. d4 Nf6 2. g3 c5 3. Bg2 cxd4 4. Qxd4 Nc6 5. Qd1 d5 6. Nf3 e5 7. 0-0 Be7 8. b3 Bg4 9. Nbd2 e4 10. Ne1 Qd7 11. Bb2 h5 12. c4 0-0-0 13. Nc2 Bh3 14. cxd5 Nxd5 15. Nxe4 Bxg2 16. Kxg2 h4 17. Qd3 Nf4+ 18. gxf4 Qg4+ 19. Kh1 Rxd3 20. exd3 Qf3+ 21. Kg1 Qxd3 22. Rfe1 Qxc2 23. Bc3 f5 24. Rac1 Qxa2 25. Nd2 Bd6 26. Ra1 Qc2 27. Rac1 Qd3 28. Nc4 Bxf4 29. Rcd1 Qxc3 0-1

[Event "Berlin Werner Ott op"]
[Site "Berlin"]
[Date "2024.07.24"]
[Round "5"]
[White "Weber, Daniel1"]
[Black "Matthes, Aaron"]
[Result "1-0"]
[WhiteElo "2143"]
[BlackElo "2189"]
[PlyCount "95"]
[EventDate "2024.07.20"]
[EventType "swiss"]
[EventRounds "9"]
[EventCountry "GER"]
[SourceTitle "CBM 221 Extra"]
[Source "ChessBase"]
[SourceDate "2024.09.30"]
[SourceVersion "1"]
[SourceVersionDate "2024.09.30"]
[SourceQuality "1"]

1. c4 c5 2. g3 Nc6 3. Bg2 g6 4. Nf3 Bg7 5. Nc3 d6 6. 0-0 Bf5 7. b3 Qd7 8. Bb2 Bh3 9. e3 Bxg2 10. Kxg2 e6 11. d4 cxd4 12. exd4 Nge7 13. Qd2 d5 14. c5 0-0 15. Rab1 f6 16. Nb5 a6 17. Nd6 Nc8 18. Nxc8 Raxc8 19. Rfe1 Rce8 20. Rbd1 Rd8 21. Re2 Rfe8 22. Rde1 Re7 23. b4 Rde8 24. Rd1 Rd8 25. Rde1 Rde8 26. Rd1 Na7 27. Qc2 Qb5 28. Bc3 Qc6 29. a4 b6 30. Qb3 Rb7 31. Rde1 bxc5 32. dxc5 e5 33. Nd4 Qd7 34. b5 axb5 35. axb5 Qf7 36. c6 Rbb8 37. b6 Rec8 38. c7 Rxc7 39. bxa7 Ra8 40. Nb5 Rb7 41. Ra1 Bf8 42. Rb2 Bc5 43. Ra5 Kg7 44. Bb4 Bb6 45. Nd6 Bxa5 46. Nxf7 Raxa7 47. Qxd5 Bxb4 48. Nd6 1-0

[Event "Berlin Werner Ott op"]
[Site "Berlin"]
[Date "2024.07.22"]
[Round "3"]
[White "Ahmadinia, Ebrahim"]
[Black "Matthes, Aaron"]
[Result "1-0"]
[WhiteElo "2433"]
[BlackElo "2189"]
[PlyCount "85"]
[EventDate "2024.07.20"]
[EventType "swiss"]
[EventRounds "9"]
[EventCountry "GER"]
[SourceTitle "CBM 221 Extra"]
[Source "ChessBase"]
[SourceDate "2024.09.30"]
[SourceVersion "1"]
[SourceVersionDate "2024.09.30"]
[SourceQuality "1"]

1. e4 c5 2. Nf3 d6 3. d4 cxd4 4. Qxd4 Nf6 5. Bb5+ Bd7 6. c4 g6 7. Nc3 Bg7 8. h3 0-0 9. Qd3 a6 10. Bxd7 Nbxd7 11. 0-0 Rc8 12. Bd2 b5 13. cxb5 axb5 14. b4 Qb6 15. Rac1 Ra8 16. Be3 Qb7 17. Nd4 Rfb8 18. f4 Nb6 19. Ndxb5 Na4 20. e5 Nxc3 21. Nxc3 Ne8 22. b5 dxe5 23. a4 Rd8 24. Qe2 exf4 25. Rxf4 Nd6 26. Rc2 Nf5 27. Rc4 Rdc8 28. Bf2 Nd6 29. Rxc8+ Rxc8 30. Nd1 Ra8 31. b6 Rxa4 32. Rc7 Qd5 33. b7 Nxb7 34. Rc8+ Nd8 35. Qxe7 Qxd1+ 36. Kh2 Be5+ 37. Qxe5 Ra2 38. Qe8+ Kg7 39. Rxd8 Qxd8 40. Qxd8 Rxf2 41. Qd4+ Rf6 42. h4 h6 43. g4 1-0

[Event "Titled Tuesday intern op 09th Jul Early"]
[Site "Chess.com INT"]
[Date "2024.07.09"]
[Round "4"]
[White "Matthes, Aaron"]
[Black "Salemgareev, Tagir"]
[Result "0-1"]
[WhiteElo "2189"]
[BlackElo "2453"]
[PlyCount "106"]
[EventDate "2024.07.09"]
[EventType "swiss (blitz)"]
[EventRounds "11"]
[EventCountry "USA"]
[SourceTitle "EXT 2025"]
[Source "ChessBase"]
[SourceDate "2024.10.14"]
[SourceVersion "1"]
[SourceVersionDate "2024.10.14"]
[SourceQuality "1"]

1. Nf3 d5 2. d4 Nf6 3. g3 Bf5 4. Bg2 h6 5. c4 e6 6. 0-0 Be7 7. Qb3 Qc8 8. Nc3 c6 9. Nd2 0-0 10. e4 dxe4 11. Ndxe4 Nxe4 12. Nxe4 Nd7 13. Bf4 Bxe4 14. Bxe4 Rd8 15. Rfd1 Bf6 16. Rd2 Bg5 17. Bxg5 hxg5 18. Rad1 Nf6 19. Bg2 Qc7 20. d5 exd5 21. cxd5 cxd5 22. Bxd5 Nxd5 23. Rxd5 Rxd5 24. Qxd5 Qc2 25. Rd2 Qc1+ 26. Kg2 Re8 27. Qxg5 b6 28. h4 Qc6+ 29. Qd5 Qxd5+ 30. Rxd5 Re2 31. Rb5 g6 32. Kf3 Rc2 33. Ke3 Kg7 34. f3 Kf6 35. g4 Ke6 36. h5 gxh5 37. gxh5 Rh2 38. Kf4 Rg2 39. a3 Kf6 40. b3 Rh2 41. Rf5+ Ke6 42. Rg5 f6 43. Rb5 Ra2 44. a4 Rh2 45. Kg3 Rb2 46. h6 Kf7 47. h7 Kg7 48. Kf4 Kxh7 49. Kf5 Kg7 50. Ke6 Rf2 51. Rf5 Rb2 52. Rxf6 Rxb3 53. Rf7+ Kg6 0-1

[Event "Titled Tuesday intern op 02nd Jul Early"]
[Site "Chess.com INT"]
[Date "2024.07.02"]
[Round "4"]
[White "Jaiveer, Mahendru"]
[Black "Matthes, Aaron"]
[Result "0-1"]
[WhiteElo "2214"]
[BlackElo "2189"]
[PlyCount "54"]
[EventDate "2024.07.02"]
[EventType "swiss (blitz)"]
[EventRounds "11"]
[EventCountry "USA"]
[SourceTitle "EXT 2025"]
[Source "ChessBase"]
[SourceDate "2024.10.14"]
[SourceVersion "1"]
[SourceVersionDate "2024.10.14"]
[SourceQuality "1"]

1. f4 c6 2. Nf3 d5 3. g3 g6 4. Bg2 Bg7 5. 0-0 Bf5 6. d3 Nd7 7. c3 e5 8. Nxe5 Nxe5 9. fxe5 Bxe5 10. d4 Bg7 11. Nd2 Nf6 12. h3 h5 13. Rxf5 gxf5 14. Nf3 Ne4 15. Bf4 Bh6 16. Qc1 Qf6 17. Qe1 Bxf4 18. gxf4 h4 19. Ne5 0-0-0 20. Kh2 Rdg8 21. Bf3 Rg3 22. Rc1 Rhg8 23. c4 dxc4 24. Rxc4 Qh6 25. e3 Qg7 26. Rc2 Rg1 27. Qxh4 Rh1+ 0-1

[Event "Titled Tuesday intern op 02nd Jul Early"]
[Site "Chess.com INT"]
[Date "2024.07.02"]
[Round "8"]
[White "Matthes, Aaron"]
[Black "King, Alexander B"]
[Result "1-0"]
[WhiteElo "2189"]
[BlackElo "2263"]
[PlyCount "79"]
[EventDate "2024.07.02"]
[EventType "swiss (blitz)"]
[EventRounds "11"]
[EventCountry "USA"]
[SourceTitle "EXT 2025"]
[Source "ChessBase"]
[SourceDate "2024.10.14"]
[SourceVersion "1"]
[SourceVersionDate "2024.10.14"]
[SourceQuality "1"]

1. Nf3 Nf6 2. g3 g6 3. Bg2 Bg7 4. 0-0 0-0 5. b3 d5 6. Bb2 c5 7. c4 d4 8. e3 Nc6 9. a3 a5 10. d3 e5 11. exd4 exd4 12. Nbd2 Re8 13. Re1 Bf5 14. Bf1 Qd7 15. Qc2 h6 16. Rxe8+ Rxe8 17. Re1 Re6 18. Rxe6 Qxe6 19. Qd1 g5 20. Qe1 Qd6 21. Qe2 Kf8 22. Bg2 Qe7 23. Qxe7+ Kxe7 24. Ne1 Kd7 25. Kf1 b6 26. Ke2 Ne5 27. h3 Ne8 28. b4 a4 29. b5 Nd6 30. Bc1 Bg6 31. Ndf3 Nexc4 32. dxc4 Nxc4 33. Nd3 f6 34. Nd2 Nd6 35. Bc6+ Kc7 36. Nb2 Be8 37. Bxe8 Nxe8 38. Nxa4 Nd6 39. g4 Nxb5 40. Nc4 1-0

[Event "Titled Tuesday intern op 02nd Jul Early"]
[Site "Chess.com INT"]
[Date "2024.07.02"]
[Round "2"]
[White "Vlassov, Nikolai"]
[Black "Matthes, Aaron"]
[Result "1-0"]
[WhiteElo "2299"]
[BlackElo "2189"]
[PlyCount "63"]
[EventDate "2024.07.02"]
[EventType "swiss (blitz)"]
[EventRounds "11"]
[EventCountry "USA"]
[SourceTitle "EXT 2025"]
[Source "ChessBase"]
[SourceDate "2024.10.14"]
[SourceVersion "1"]
[SourceVersionDate "2024.10.14"]
[SourceQuality "1"]

1. e4 c6 2. d4 d5 3. f3 dxe4 4. fxe4 Nf6 5. e5 Nd5 6. c4 Nb6 7. Nc3 Bf5 8. Be3 e6 9. Nf3 N8d7 10. Be2 Bb4 11. 0-0 0-0 12. Kh1 c5 13. d5 Bxc3 14. bxc3 Be4 15. Ng5 exd5 16. cxd5 Bxd5 17. Qc2 g6 18. Rad1 Qe7 19. Bf4 Nxe5 20. Rde1 f6 21. Bg4 f5 22. Rxe5 Qf6 23. Bf3 Bc4 24. Rfe1 h6 25. Ne6 g5 26. Nxf8 Rxf8 27. Bg3 g4 28. Bxb7 f4 29. Bf2 g3 30. Bxc5 Rf7 31. Re8+ Kg7 32. Bd4 1-0

[Event "Titled Tuesday intern op 11th Jun Early"]
[Site "Chess.com INT"]
[Date "2024.06.11"]
[Round "4"]
[White "Matthes, Aaron"]
[Black "Gelman, Alexander"]
[Result "0-1"]
[WhiteElo "2217"]
[BlackElo "2403"]
[PlyCount "62"]
[EventDate "2024.06.11"]
[EventType "swiss (blitz)"]
[EventRounds "11"]
[EventCountry "USA"]
[SourceTitle "EXT 2025"]
[Source "ChessBase"]
[SourceDate "2024.10.14"]
[SourceVersion "1"]
[SourceVersionDate "2024.10.14"]
[SourceQuality "1"]

1. d4 c5 2. Nf3 cxd4 3. Nxd4 d6 4. c4 a6 5. e4 e6 6. Nc3 Nf6 7. Be2 b6 8. 0-0 Bb7 9. f3 Nbd7 10. Be3 h6 11. Qd2 g5 12. Rfd1 Rg8 13. h3 Rc8 14. Rac1 Ne5 15. b3 Nfd7 16. Nc2 h5 17. f4 gxf4 18. Bxf4 Qh4 19. Kh2 Nc5 20. g3 Qf6 21. Bxh5 Qh8 22. Be2 Nxe4 23. Nxe4 Bxe4 24. Qe3 Bf5 25. h4 Be7 26. Nd4 Bxh4 27. Nxf5 Bxg3+ 28. Kg2 Qh2+ 29. Kf1 Bxf4 30. Nxd6+ Kf8 31. Qf2 Qh1+ 0-1

[Event "Titled Tuesday intern op 11th Jun Early"]
[Site "Chess.com INT"]
[Date "2024.06.11"]
[Round "7"]
[White "Matthes, Aaron"]
[Black "Karwowski, Kacper"]
[Result "1-0"]
[WhiteElo "2217"]
[BlackElo "2155"]
[PlyCount "141"]
[EventDate "2024.06.11"]
[EventType "swiss (blitz)"]
[EventRounds "11"]
[EventCountry "USA"]
[SourceTitle "EXT 2025"]
[Source "ChessBase"]
[SourceDate "2024.10.14"]
[SourceVersion "1"]
[SourceVersionDate "2024.10.14"]
[SourceQuality "1"]

1. d4 c5 2. Nf3 cxd4 3. Nxd4 e5 4. Nf3 Nc6 5. e4 Nf6 6. Bg5 Qb6 7. Nbd2 Ng4 8. Bh4 Be7 9. Bg3 Qxb2 10. h3 Nf6 11. Bc4 d6 12. 0-0 0-0 13. Re1 h6 14. Re3 Qb6 15. Bb3 Nh5 16. Bh2 Nf4 17. Nc4 Qc7 18. Bxf4 exf4 19. Rd3 Ne5 20. Ncxe5 dxe5 21. Rd5 Be6 22. Rd3 Rfd8 23. Bxe6 fxe6 24. Rb1 b6 25. Qd2 Rxd3 26. cxd3 Rc8 27. d4 exd4 28. Qxd4 Qc5 29. Qd7 Rc6 30. Ne5 Rd6 31. Qe8+ Kh7 32. Qg6+ Kg8 33. Nf7 Kf8 34. Nxd6 Qxd6 35. e5 Qxe5 36. Rd1 Qf6 37. Qd3 g6 38. Re1 Kf7 39. Qe4 Bc5 40. Qb7+ Qe7 41. Qxe7+ Kxe7 42. Kf1 Kf6 43. f3 a5 44. Rd1 Ke7 45. Ke2 e5 46. Kd3 Ke6 47. Ke4 Bd4 48. Rc1 Kd6 49. a4 Bc5 50. Rd1+ Ke6 51. Rd5 Bd4 52. Rd8 Kf6 53. Rd6+ Kf7 54. Rc6 h5 55. Kd5 Kg7 56. Ke6 Kh6 57. Kf7 h4 58. Rxg6+ Kh5 59. Rg4 Bc3 60. Ke6 Bd4 61. Kf6 e4+ 62. Kf5 e3 63. Rxf4 e2 64. Re4 Be3 65. Rxe3 b5 66. Rxe2 bxa4 67. Ra2 a3 68. Rxa3 Kh6 69. Kf6 Kh5 70. Ra4 Kh6 71. Rxh4# 1-0

[Event "Titled Tuesday intern op 11th Jun Early"]
[Site "Chess.com INT"]
[Date "2024.06.11"]
[Round "3"]
[White "Matthes, Aaron"]
[Black "Mikhailovsky, Vladimir"]
[Result "0-1"]
[WhiteElo "2217"]
[BlackElo "2215"]
[PlyCount "114"]
[EventDate "2024.06.11"]
[EventType "swiss (blitz)"]
[EventRounds "11"]
[EventCountry "USA"]
[SourceTitle "EXT 2025"]
[Source "ChessBase"]
[SourceDate "2024.10.14"]
[SourceVersion "1"]
[SourceVersionDate "2024.10.14"]
[SourceQuality "1"]

1. Nf3 d5 2. d4 Nf6 3. g3 Bf5 4. Bg2 e6 5. Nh4 c6 6. Nxf5 exf5 7. 0-0 Bd6 8. Bg5 Nbd7 9. Nd2 h6 10. Bxf6 Nxf6 11. c4 0-0 12. cxd5 cxd5 13. Qb3 Bc7 14. Rac1 Bb6 15. e3 Rc8 16. Nf3 Qd6 17. Ne5 Ne4 18. Rc2 Rxc2 19. Qxc2 Bc7 20. Rc1 Bb8 21. Qb3 Qe6 22. Qxb7 Bxe5 23. dxe5 Qxe5 24. Bxe4 dxe4 25. Rc8 Rxc8 26. Qxc8+ Kh7 27. h4 g6 28. Qf8 Qd5 29. b3 g5 30. hxg5 hxg5 31. Qb8 Qd1+ 32. Kg2 Qf3+ 33. Kg1 Qd1+ 34. Kh2 Qe2 35. Kg2 Qxa2 36. Qd8 Qxb3 37. Qxg5 Qe6 38. Qh5+ Kg7 39. Qg5+ Qg6 40. Qd8 a6 41. Qa8 Qf6 42. Qc8 a5 43. Qa8 Qe5 44. Kf1 Qb5+ 45. Ke1 a4 46. Qd8 Qb1+ 47. Ke2 Qb2+ 48. Ke1 Qb4+ 49. Qd2 Qxd2+ 50. Kxd2 Kg6 51. Kc3 Kg5 52. Kb4 Kg4 53. Kxa4 Kf3 54. Kb4 Kxf2 55. Kc4 Kxe3 56. Kd5 Kf2 57. Ke5 e3 0-1

[Event "Titled Tuesday intern op 11th Jun Early"]
[Site "Chess.com INT"]
[Date "2024.06.11"]
[Round "8"]
[White "Matthes, Aaron"]
[Black "Titarov, Vasilii"]
[Result "1/2-1/2"]
[WhiteElo "2217"]
[BlackElo "2171"]
[PlyCount "237"]
[EventDate "2024.06.11"]
[EventType "swiss (blitz)"]
[EventRounds "11"]
[EventCountry "USA"]
[SourceTitle "EXT 2025"]
[Source "ChessBase"]
[SourceDate "2024.10.14"]
[SourceVersion "1"]
[SourceVersionDate "2024.10.14"]
[SourceQuality "1"]

1. d4 Nf6 2. Nf3 d5 3. g3 c6 4. Bg2 Bg4 5. 0-0 e6 6. Ne5 Nbd7 7. Nxg4 Nxg4 8. e3 Ngf6 9. Nd2 Be7 10. c4 0-0 11. Qc2 Re8 12. b3 Bd6 13. Bb2 Qe7 14. Rfd1 Ba3 15. Rac1 Bxb2 16. Qxb2 a5 17. a3 h5 18. h4 g6 19. b4 axb4 20. axb4 Ra4 21. Rb1 Rea8 22. cxd5 exd5 23. b5 Ra2 24. Qc1 c5 25. dxc5 Nxc5 26. Nb3 Nce4 27. Rb2 Qe5 28. Nd4 Ng4 29. Bxe4 dxe4 30. Rxa2 Rxa2 31. Rd2 Rxd2 32. Qxd2 Qf6 33. Qc2 Kh7 34. Nb3 Qf5 35. Nc5 Nf6 36. Qc4 Kg7 37. Qd4 b6 38. Nb3 Qxb5 39. Nd2 Qd3 40. Qb2 b5 41. Nb3 Qd5 42. Nd4 Qe5 43. Qxb5 Qxb5 44. Nxb5 Ng4 45. Kg2 f5 46. Kf1 Kf6 47. Ke2 Ke5 48. Nd4 Nf6 49. Nc6+ Kd6 50. Nb4 Kc5 51. Nc2 Nd7 52. Nd4 Ne5 53. Ne6+ Kc4 54. Nf4 Kc3 55. Ke1 Nd3+ 56. Ke2 Nxf4+ 57. gxf4 Kc2 58. f3 exf3+ 59. Kxf3 Kd3 60. Kf2 Kd2 61. Kf3 Ke1 62. e4 fxe4+ 63. Kxe4 Kf2 64. f5 gxf5+ 65. Kxf5 Ke3 66. Kg5 Ke4 67. Kg6 Ke5 68. Kg5 Ke6 69. Kxh5 Kf7 70. Kh6 Kg8 71. Kg6 Kh8 72. Kg5 Kg8 73. Kg4 Kh8 74. Kh3 Kg8 75. Kh2 Kh8 76. Kh1 Kg8 77. Kg1 Kh8 78. Kf1 Kg8 79. Ke1 Kh8 80. Kd1 Kg8 81. Kc1 Kh8 82. Kb1 Kg8 83. Ka1 Kh8 84. Ka2 Kg8 85. Ka3 Kh8 86. Ka4 Kg8 87. Ka5 Kh8 88. Ka6 Kh7 89. Ka7 Kh6 90. Ka8 Kh5 91. Kb8 Kg6 92. Kb7 Kh6 93. Kb6 Kg6 94. Kb5 Kh6 95. Kb4 Kg7 96. Kb3 Kh7 97. Kb2 Kh8 98. Kc2 Kg8 99. Kc3 Kh8 100. Kc4 Kg8 101. Kc5 Kh8 102. Kc6 Kg8 103. Kc7 Kh8 104. Kc8 Kg8 105. Kd8 Kh8 106. Kd7 Kg8 107. Kd6 Kh8 108. Kd5 Kg8 109. Kd4 Kh8 110. Kd3 Kg8 111. Kd2 Kh8 112. Kd1 Kg8 113. Ke1 Kh8 114. Ke2 Kg7 115. Ke3 Kg8 116. Ke4 Kh8 117. Ke5 Kg8 118. Ke6 Kh8 119. Ke7 1/2-1/2

[Event "Titled Tuesday intern op 11th Jun Early"]
[Site "Chess.com INT"]
[Date "2024.06.11"]
[Round "5"]
[White "Shuvalov, Evgenij"]
[Black "Matthes, Aaron"]
[Result "1-0"]
[WhiteElo "1993"]
[BlackElo "2217"]
[PlyCount "55"]
[EventDate "2024.06.11"]
[EventType "swiss (blitz)"]
[EventRounds "11"]
[EventCountry "USA"]
[SourceTitle "EXT 2025"]
[Source "ChessBase"]
[SourceDate "2024.10.14"]
[SourceVersion "1"]
[SourceVersionDate "2024.10.14"]
[SourceQuality "1"]

1. d4 Nf6 2. c4 b6 3. Nc3 e6 4. e4 Bb4 5. Bd3 Bb7 6. Qe2 0-0 7. Nf3 d5 8. e5 Ne4 9. 0-0 Bxc3 10. bxc3 Nxc3 11. Qc2 Ne4 12. Rd1 f5 13. exf6 Nxf6 14. Ng5 Qe7 15. Bxh7+ Kh8 16. Rd3 Ng4 17. Rh3 Nh6 18. Bg8 Rf5 19. Bxe6 Rxg5 20. Bxg5 Qxg5 21. cxd5 Na6 22. Re1 Nb4 23. Qxc7 Bxd5 24. Bxd5 Nxd5 25. Qb7 Rf8 26. Rg3 Rf7 27. Qa8+ Kh7 28. Rxg5 1-0

[Event "Titled Tuesday intern op 04th Jun Late"]
[Site "Chess.com INT"]
[Date "2024.06.04"]
[Round "6"]
[White "Koc, Ilkay"]
[Black "Matthes, Aaron"]
[Result "1-0"]
[WhiteElo "1963"]
[BlackElo "2217"]
[PlyCount "55"]
[EventDate "2024.06.04"]
[EventType "swiss (blitz)"]
[EventRounds "11"]
[EventCountry "USA"]
[SourceTitle "EXT 2025"]
[Source "ChessBase"]
[SourceDate "2024.10.14"]
[SourceVersion "1"]
[SourceVersionDate "2024.10.14"]
[SourceQuality "1"]

1. e4 c6 2. d4 d5 3. e5 Bf5 4. Nd2 h6 5. Nb3 e6 6. Nf3 Nd7 7. Be2 c5 8. Nxc5 Bxc5 9. dxc5 Nxc5 10. Be3 Nd7 11. 0-0 Ne7 12. c4 0-0 13. Rc1 Rc8 14. Qb3 b6 15. Rfd1 Nc5 16. Qa3 Qd7 17. Nd4 Bg6 18. Nb5 Nf5 19. Bf4 d4 20. g4 Nh4 21. Bg3 Qe7 22. Qxa7 Nd7 23. Rxd4 Rfd8 24. Rcd1 Ra8 25. Qb7 Rab8 26. Qc7 Rbc8 27. Qd6 Qg5 28. f4 1-0